| 000 | 00396 a2200109 4500 | ||
|---|---|---|---|
| 001 | ART_23379 | ||
| 005 | 20260410161930.0 | ||
| 008 | 260409a | ||
| 245 | 1 | 0 | _aUn enfoque al problema de la programación económica |
| 100 | 1 | _aDieulefait, Enrique | |
| 773 | 0 |
_tRevista de la Facultad de Ciencias Económicas de la Universidad de Cuyo _g- Año XII, Nº 37 (ene. 1961) _wREV22981 |
|
| 999 |
_c28533 _d28533 |
||